000 00951nam a2200241Ia 4500
003 OSt
005 20220923212119.0
006 a|||||r|||| 00| 0
007 ta
008 220922b |||||||| |||| 00| 0 hin d
024 _a150,794
037 _cTextual
040 _aARTS
_cARTS
_bhin
041 _2hin
_ahin
082 _aLA:638117, 152K2
100 _aबेदी, रामेश
245 0 _aअंजीर
_b अंजीर फल तथा वृक्ष के प्रत्येक भाग के गुण और उनसे लाभ उठाने के उपाय
246 _aAanjīra: aanjīr fal tathā vṛukṣha ke pratyek bhāg ke guṇ aur unase lābh uṭhāne ke upāya
260 _c1962
490 _aभारतीय द्रव्यगुण ग्रन्थमाला
942 _hLA:638117, 152K2
_cTEXL
_2CC
999 _c306474
_d306474